Are you real cricket expert? - Statistics

General Stats
  • This quiz has been taken 19 times
  • The average score is 12 of 15
Answer Stats
Hint Answer % Correct
Term when a player scores a 0 Duck
94%
Team with most ICC trophies Australia
89%
Biggest cricket league (by money & audience) IPL
89%
City which hosted the FIRST ever int test match Melbourne
89%
A player to hold highest ODI individual score Rohit Sharma
89%
Team which never qualified for the Semi-final of CWC even being the test nation Bangladesh
83%
Richest cricketing board BCCI
83%
The largest cricket stadium (stadium name, not city) Narendra Modi stadium
83%
Bowler to bowl fastest bowl in cricket Shoaib Akhter
83%
Eden park is a stadium in this city Auckland
78%
Name a player who has the highest batting average Don Bradman
78%
A team to win most titles of the above league MI , CSK
78%
Smallest country (area-wise) but a full member of ICC Sri Lanka
78%
Most followed cricketer on social media Virat Kohli
78%
Team which was qualified for the CWC semi-final even NOT being the test nation Kenya
67%
No matching quizzes found
Score Distribution
Percent of People with Each Score
Percentile by Number Answered
Your Score History
You have not taken this quiz